000 00879 a2200241 4500
005 20180312141948.0
008 131024s1997 sp a br|||| 00| 0 spa d
020 _a8423642623
040 _aCO-BoUCM
_bspa
_cJose A. Gerena
_dDiana Londoño
041 0 0 _aspa
100 1 _aLópez Soria, Marisa
_948537
245 1 0 _aPatricia la nena que tiene la boca llena
_cMarisa López Soria ; ilustraciones de Isidro Ferrer
250 _a3a Ed
260 _c1997
_bEdebé
_aBarcelona (España)
300 _a[30] páginas
_bilustraciones a color
490 _aTren azul
_aPrimeros lectores
_v27
650 7 _937305
_aCuentos ilustrados para niños
650 7 _aliteratura infantil española
_918684
690 _942863
_aLiteratura europea
700 1 _aFerrer, Isidro
_eilustrador
_948953
942 _a18
_cLIBRO
_e3
_mL864p
_2DEWEY
_h868.64
_n0
999 _c182724
_d182724